000 00916nam a22003137a 4500
003 CHAP
005 20220329134956.0
008 971013s1970 r 00010 d
010 _a28924
011 _a29896
035 _a34007
040 _cCHAP
082 _a160
_bL4Y
100 0 0 _aLefebvre, Henri.
_965630
245 _aLógica formal, lógica dialéctica
260 _aMadrid :
_bSiglo XXI,
_c1970
300 _a346 p.
490 _aTeoría y crítica
500 _aTrad. de la 2 ed. en francés
590 _aBATCH-UPD
_b10
_c20130110
_lUCH01
_h1420
590 _aBATCH-UPD
_b10
_c20130410
_lUCH01
_h0902
590 _aBATCH-UPD
_b10
_c20130914
_lUCH01
_h1718
590 _aCONVERSION
_b10
_c20130109
_lUCH01
_h1317
650 1 4 _aLógica.
_967611
830 0 _aTeoría y crítica
_9112314
901 _aBK
942 _cLIBRO
949 _a160 L4Y
_bBC
_cLIBRO
_d33724000228599
_eLIBRO
_h28926
_i34007
_si
_t60.00
999 _c28924
_d28924